Canadian Cities Map Quiz - Statistics

General Stats
  • This quiz has been taken 298 times
  • The average score is 17 of 23
Answers on the Map
Answers color-coded by a green-red scale on the quiz's map according to % correct below.
 
Answer Stats
Answer % Correct
Toronto
88%
Vancouver
88%
Victoria
85%
Yellowknife
84%
Halifax
83%
Ottawa
83%
Iqaluit
82%
Montreal
82%
Thunder Bay
81%
Quebec
80%
St. John's
80%
Winnipeg
79%
Calgary
76%
Edmonton
76%
Labrador City
75%
Windsor
74%
Saskatoon
73%
Charlottetown
72%
Regina
65%
Kamloops
60%
Sherbrooke
60%
Sudbury
59%
Lethbridge
54%
No matching quizzes found
Score Distribution
Percent of People with Each Score
Percentile by Number Answered
Your Score History
You have not taken this quiz